Faith Lyrics-Ghost - Statistics

General Stats
  • This quiz has been taken 158 times
  • The average score is 130 of 152
Answer Stats
Answer % Correct
the
100%
The
100%
a
97%
A
97%
I
97%
is
97%
eyes
95%
faith
95%
you
95%
all
94%
am
94%
And
94%
and
94%
Because
94%
ears
94%
fall
94%
mine
94%
watching
94%
I'm
92%
wall
89%
of
81%
There
81%
in
77%
it
76%
with
69%
identical
68%
it's
66%
looks
66%
sanctity
66%
can
65%
feels
65%
Stinks
65%
guise
61%
quill
61%
stand
61%
diabolical
60%
fools
60%
Ha
60%
land
60%
pack
60%
perpetrator
60%
take
60%
across
58%
scourge
58%
Although
56%
mystery
56%
trail
53%
well
53%
Yeah
53%
accuser
52%
bill
52%
sends
50%
fecal
48%
shun
47%
spun
47%
Often
42%
luddites
39%
steeped
34%
No matching quizzes found
Score Distribution
Percent of People with Each Score
Percentile by Number Answered
Your Score History
You have not taken this quiz